000 00917nam a22002897a 4500
003 CHAP
005 20220329141037.0
008 971013s1997 r 00010 d
010 _a61748
011 _a62720
035 _a66895
040 _cCHAP
090 _aTesis
100 0 0 _aMora Jaimes, Gerardo.
_978148
245 _aRendimiento y características de la canal en caprinos para abasto
260 _aChapingo, Méx. :
_bEl autor,
_c1997
300 _a41 h.
502 _aTesis (Ing. Agr. Esp. en Zootecnia) -- UACH. Departamento de Zootecnia
590 _aALEPH
_b10
_c20130110
_lUCH01
_h1344
590 _aBATCH-UPD
_b10
_c20130110
_lUCH01
_h0443
590 _aCONVERSION
_b10
_c20130109
_lUCH01
_h1333
650 1 4 _aCarne de cabra en canal.
_919135
901 _aBK
942 _cFOLL
949 _bBC
_cTES
_d-152133
_eTS1
_h30838
_i66895
_si
949 _bBC
_cTES
_d33724000628665
_eTS2
_fc.2
_h30839
_i66895
_si
999 _c61748
_d61748